| 000 | 01112cam a2200217 4500 | ||
|---|---|---|---|
| 001 | ABS67067 | ||
| 008 | 031001n2003 000 0 eng u | ||
| 035 | _a(Sirsi) u123805 | ||
| 100 | _aWillis, S. | ||
| 245 | _aShopping for FM | ||
| 260 | _c2003 | ||
| 490 |
_aPremises and Facilities Management _vSeptember 2003, 15-17(3) |
||
| 520 | _aExamines the provision of facilities management to the retail sector. Argues that this sector has received little attention but is now a fast-growing opportunity which could generate a considerable amount of revenue over the coming years. It is a very varied sector and analysts need to recognise there are major differences between providing certain services to just one retailer or to a whole range of support services in a large retail centre. Discusses the customers who may use the shopping centres and the key to successful project agreements. | ||
| 590 | _aABS | ||
| 650 | _aRETAIL SECTOR | ||
| 650 |
_aFACILITIES MANAGEMENT _96240 |
||
| 650 | _aSERVICE AGREEMENTS | ||
| 650 | _aSHOPPING CENTRE | ||
| 690 | _aMANAGEMENT-FACILITIES MANAGEMENT | ||
| 942 | _n0 | ||
| 999 |
_c73524 _d73524 |
||